A theory of earth's origin (Record no. 1870)

MARC details
000 -LEADER
fixed length control field 00539nam a2200181Ia 4500
003 - CONTROL NUMBER IDENTIFIER
control field IN-BaIIA
008 - FIXED-LENGTH DATA ELEMENTS--GENERAL INFORMATION
fixed length control field 211028s9999 xx 000 0 eng d
040 ## - CATALOGING SOURCE
Transcribing agency IIA Library
080 ## - UNIVERSAL DECIMAL CLASSIFICATION NUMBER
Universal Decimal Classification number 550.3
Item number SCH
100 ## - MAIN ENTRY--PERSONAL NAME
Personal name Schmidt, Otto
9 (RLIN) 3583
245 #2 - TITLE STATEMENT
Title A theory of earth's origin
Statement of responsibility, etc. Otto Schmidt
260 ## - PUBLICATION, DISTRIBUTION, ETC.
Place of publication, distribution, etc. Moscow
Name of publisher, distributor, etc. Foreign Languages Publishing House
Date of publication, distribution, etc. 1958
300 ## - PHYSICAL DESCRIPTION
Extent 138p
650 ## - SUBJECT ADDED ENTRY--TOPICAL TERM
Topical term or geographic name entry element Astronomy and Astrophysics Thesaurus
650 ## - SUBJECT ADDED ENTRY--TOPICAL TERM
Topical term or geographic name entry element Earth
650 ## - SUBJECT ADDED ENTRY--TOPICAL TERM
Topical term or geographic name entry element Origin of Earth
9 (RLIN) 3584
942 ## - ADDED ENTRY ELEMENTS (KOHA)
Koha item type Books
Holdings
Withdrawn status Lost status Source of classification or shelving scheme Damaged status Not for loan Home library Current library Shelving location Date acquired Cost, normal purchase price Total Checkouts Full call number Barcode Date last seen Cost, replacement price Price effective from Koha item type Purchase Price
    Dewey Decimal Classification     IIA Library-Bangalore IIA Library-Kodaikanal General Stacks   1.25   550.3/ SCH 2055 05/11/2021 1.25   Books Rs. 1.25

Powered by Koha